| 000 | 00527 a2200181 4500 | ||
|---|---|---|---|
| 020 | _a9812532404 | ||
| 020 | _a9789812532404 | ||
| 082 | _a512.5 | ||
| 090 |
_c824 _d824 |
||
| 100 | 1 | _aPenny.Richard C. | |
| 245 | 1 | 0 |
_aLinear algebra / _cPenny. |
| 250 | _a2nd ed. | ||
| 260 |
_a[S.l.] : _bWiley, _c2006 |
||
| 300 | _a1 v. (unpaged) | ||
| 700 | _aPenny.Richard C. | ||
| 942 |
_aSNS _cBK _k512.5 PEN |
||
| 999 |
_c29448 _d29448 |
||